Hungarian counties and crests quiz - Statistics

General Stats
  • This quiz has been taken 43 times
  • The average score is 15 of 20
Answer Stats
Picture Answer % Correct
Pest
88%
Budapest
85%
Borsod-Abaúj-Zemplén
82%
Győr-Moson-Sopron
82%
Veszprém
82%
Zala
82%
Fejér
76%
Baranya
74%
Komárom-Esztergom
74%
Tolna
74%
Bács-Kiskun
71%
Csongrád-Csanád
71%
Hajdú-Bihar
71%
Somogy
71%
Jász-Nagykun-Szolnok
68%
Nógrád
68%
Vas
68%
Heves
65%
Szabolcs-Szatmár-Bereg
65%
Békés
59%
No matching quizzes found
Score Distribution
Percent of People with Each Score
Percentile by Number Answered
Your Score History
You have not taken this quiz